000 00810nam a2200193 a 4500
001 000248516
003 AM-YeHGA
005 20250618071652.0
008 030718s1958 ai 000 | arm d
040 _aAM-YeHGA
245 1 0 _aՊատմվածքներ /
_cԴ.Ն. Մամին-Սիբիրյակ; Թարգմ.՝ Օ. Սահակյան; Խմբ.՝ Վ. Տալյան.
260 _aԵրևան :
_bՀայպետհրատ,
_c1958.
300 _a141 էջ ;
_c21 սմ.
505 0 _aԲովանդ.՝ Խուլ վայրում; Չարխ պտտողը; Աշխատավորը; Որդեգիրը ...
650 1 4 _aՌուս գրականություն
_xՊատմվածք
_94645
700 1 _aՍահակյան, Օ.
_eթարգմ.
_4trl
700 1 _aՏալյան, Վազգեն Գրիգորի,
_d1907-1995
_eխմբ.
_4edt
_99383
090 _c90110
999 _c88824
_d88824